MARC

LEADER 00000nam0a2200000 4500
001 92614
005 20231101213834.0
035 |a (RuTPU)RU\TPU\book\99219 
090 |a 92614 
100 |a 20060315d1971 m y0rusy50 ca 
101 0 |a fre 
102 |a RU 
105 |a y j 000zy 
200 1 |a Тексты на французском языке для студентов-физиков  |f Ленинградский государственный университет им. А. А. Жданова; сост. А. М. Турусова 
210 |a Ленинград  |c Изд-во Ленинградского ун-та  |d 1971 
215 |a 72 с. 
606 1 |a Французский язык  |x Учебные руководства и пособия для вузов  |x Технические хрестоматии  |2 stltpush  |3 (RuTPU)RU\TPU\subj\16844  |9 42744 
610 1 |a тексты 
610 1 |a учебные пособия 
686 |a Ш147.11-923.81  |2 rubbk 
702 1 |a Турусова  |b А. М.  |g Александра Михайловна  |4 220 
712 0 2 |a Ленинградский государственный университет им. А. А. Жданова  |2 stltpush  |3 (RuTPU)RU\TPU\col\77 
801 1 |a RU  |b 63413507  |c 20060315  |g PSBO 
801 2 |a RU  |b 63413507  |c 20201210  |g PSBO 
942 |c BK